| 000 | 00922nam a22002175i 4500 | ||
|---|---|---|---|
| 001 | 168143 | ||
| 003 | ES-MaACL | ||
| 005 | 20250529171956.0 | ||
| 008 | 981002s1883 fr |||| | fre d | ||
| 040 |
_aAR _bspa _cCCPB | 3D |
||
| 100 | 1 |
_aZeller, Eduard. _9134030 |
|
| 245 | 1 | 0 |
_aChristian Baur et l'école de Tubingue / _cpar Edouard Zeller ; traduit de l'allemand par Charles Ritter. |
| 260 |
_aParis : _bLibrairie Germer Bailliere et Cie., _c1883 ( _eVersailles : _fimp. E. Aubert) |
||
| 300 |
_aIV, 164 p. ; _c19 cm. |
||
| 500 | _aTraduction de deux essais intitulés "Ferdinand Christian Baur" et "Die Tübinger historische Schule", publiés dans les "Vorträge und Abhandlungen geschichtlichen Inhalts" | ||
| 600 | 1 | 7 |
_aBaur, Ferdinand Christian, _d1792-1860 _2 _9154834 |
| 700 | 1 |
_aRitter, Charles. _9131838 |
|
| 852 |
_aES-MaACL _jF-12245 _z-- Enc. pasta |
||
| 999 |
_c168143 _d168143 |
||